000 00856nam a2200229Ia 4500
001 11033
003 GE_BSU
008 181216s||||||||xx |||||||||||||| ||und||
020 _a978516004287
040 _cGE_BSU
080 _a351/354:004
100 _aИванов,В.В. Коробова,А.Н.
245 _aГосударственное и муниципальное управление с использованием информационных технологий.
260 _aМосква
260 _bИнфра-М.
260 _c2014.
300 _a383стр,илл,24см.
300 _eБиблиогр:с.373-380.
541 _h36л.
653 _aГосударственное и муниципальное управление с использованием информационных технологий.
942 _cBK
999 _c44275
_d44275